000 00902cam a2200229 4500
001 WB3711-10
008 000000n2001 000 0 eng u
035 _a(Sirsi) u111389
245 _aGerman property market
260 _c2001
490 _aFinancial Times
_v9 March 2001, 30(1)
520 _aDespite recent economic setbacks, Germany's domestic property market has started to draw in outside investors. Key factors for this sudden interest include the prospect for the restructuring of commercial property ownership and changes to the rigid tax structure in Germany.
590 _aWB
650 _aPROPERTY-COMMERCIAL PROPERTY-OFFICE PROPERTY-OFFICE PROPERTY MARKET
650 _aEUROPE
650 _aTAXATION
650 _aPROPERTY INVESTMENT
650 _aGERMANY
650 _aFOREIGN INVESTORS
690 _aPROPERTY-COMMERCIAL PROPERTY-COMMERCIAL PROPERTY MARKET
942 _n0
999 _c66364
_d66364